000 00761nam a2200217Ia 4500
005 20241129111043.0
008 241129s9999||||xx |||||||||||||| ||und||
020 _a978-93-91277-03-1
037 _aTB
040 _aCRL
_bhin
_cCRL
041 _ahin
_2hin
084 _aO152,1NGYx Q9
_qCRL
100 _aज्ञानेन्द्रपति, ले.
245 0 _aगंगा - बीती: गंगू तेली की ज़बानी
_cज्ञानेन्द्रपति, ले.
260 _aनोएडा, भारत
_bसेतु प्रकाशन
_c2019
300 _a188पृ0
365 _aINR
_b365
650 _aHindi literaturePoetry
942 _cTB
_hO152,1NGYx Q9
999 _c1228724
_d1228724